Statistics for Last Player to have 100 yard rushing in game from every team

Click here to take the quiz!

General Stats

  • This quiz has been taken 16 times
  • The average score is 21 of 32

Answer Stats

TeamDateYardsPlayer% Correct
GBP10/10/2021103Aaron Jones
87%
NOS1/9/2022146Alvin Kamara
87%
MIN12/9/2021205Dalvin Cook
87%
LVR1/9/2022132Josh Jacobs
87%
NYG1/2/2022102Saquon Barkley
87%
DAL10/10/2021110Ezekiel Elliott
80%
JAX10/10/2021149James Robinson
80%
CIN11/28/2021165Joe Mixon
80%
IND1/2/2022108Jonathan Taylor
80%
TBB12/12/2021113Leonard Fournette
80%
WAS1/9/2022146Antonio Gibson
73%
LAC10/4/2021117Austin Ekeler
73%
KAN10/3/2021102Clyde Edwards-Helaire
73%
CLE1/9/2022123D'Ernest Johnson
73%
MIA1/9/2022117Duke Johnson
73%
PHI12/21/2021131Miles Sanders
73%
PIT1/3/2022188Najee Harris
73%
ATL11/28/2021108Cordarrelle Patterson
67%
SEA1/9/2022190Rashaad Penny
67%
CAR10/10/2021101Chuba Hubbard
60%
BUF1/2/2022110Devin Singletary
60%
DEN1/8/2022110Melvin Gordon
60%
NYJ12/26/2021118Michael Carter
60%
LAR12/26/2021131Sony Michel
60%
ARI10/2/2021120Chase Edmonds
53%
TEN1/2/2022132D'Onta Foreman
53%
SFF1/2/2022119Elijah Mitchell
53%
BAL1/9/2022150Latavius Murray
47%
HOU12/26/2021149Rex Burkhead
47%
NEP1/2/2022107Rhamondre Stevenson
47%
CHI10/31/2021103Justin Fields
40%
DET12/19/2021112Craig Reynolds
7%

Score Distribution

Percentile by Number Answered

Percent of People with Each Score

Your Score History

You have not taken this quiz